Online katalóg knižníc regiónu Turca

Mám tvoje číslo (Record no. 22593)

MARC details
000 -LEADER
fixed length control field 01112cam a2200325 a 4500
001 - CONTROL NUMBER
control field 22593
003 - CONTROL NUMBER IDENTIFIER
control field SK-KTurca
005 - DATE AND TIME OF LATEST TRANSACTION
control field 20260401143908.0
008 - FIXED-LENGTH DATA ELEMENTS--GENERAL INFORMATION
fixed length control field 240318s2013 xo g 000 f slo
015 ## - NATIONAL BIBLIOGRAPHY NUMBER
National bibliography number SNBA2014/01
020 ## - INTERNATIONAL STANDARD BOOK NUMBER
International Standard Book Number 9788007022416
Qualifying information (viaz.)
035 ## - SYSTEM CONTROL NUMBER
System control number 83B13BA1-E548-484B-A2FF-0738307CBD24
035 ## - SYSTEM CONTROL NUMBER
System control number urn:nbn:sk:snk-amkbvk
035 ## - SYSTEM CONTROL NUMBER
System control number urn:nbn:sk:snk-am008ioq
040 ## - CATALOGING SOURCE
Original cataloging agency PPPK
Language of cataloging slo
Transcribing agency PPPK
Modifying agency SNK
Description conventions AACR2
041 1# - LANGUAGE CODE
Language code of text/sound track or separate title slo
Language code of original eng
044 ## - COUNTRY OF PUBLISHING/PRODUCING ENTITY CODE
MARC country code xo
ISO country code SK
072 #7 - SUBJECT CATEGORY CODE
Subject category code 821.111-3
Subject category code subdivision Anglická próza, anglicky písaná
Source konspekt
080 ## - UNIVERSAL DECIMAL CLASSIFICATION NUMBER
Universal Decimal Classification number 821.111-31
Edition identifier 2001
100 1# - MAIN ENTRY--PERSONAL NAME
Personal name Kinsella, Sophie,
Dates associated with a name 1969-
Relationship aut
240 10 - UNIFORM TITLE
Uniform title I've Got Your Number
Language of a work Slovensky
245 10 - TITLE STATEMENT
Title Mám tvoje číslo
Remainder of title stačí jeden telefonát, aby sa zrodila nová láska?
Statement of responsibility, etc. Sophie Kinsellová ; [z anglického originálu preložili Top Preklady, s.r.o.]
250 ## - EDITION STATEMENT
Edition statement 1. slov. vyd.
260 ## - PUBLICATION, DISTRIBUTION, ETC.
Place of publication, distribution, etc. Bratislava
Name of publisher, distributor, etc. Príroda
Date of publication, distribution, etc. 2013
300 ## - PHYSICAL DESCRIPTION
Extent 357 s.
Dimensions 21 cm
655 #7 - INDEX TERM--GENRE/FORM
Genre/form data or focus term anglické romány
Source of term SNKPH
655 #7 - INDEX TERM--GENRE/FORM
Genre/form data or focus term English fiction
Source of term SNKPHeng
710 2# - ADDED ENTRY--CORPORATE NAME
Corporate name or jurisdiction name as entry element TOP preklady (Bratislava, Slovensko)
Relationship trl
942 ## - ADDED ENTRY ELEMENTS (KOHA)
Source of classification or shelving scheme Dewey Decimal Classification
Koha item type Krásna literatúra pre deti
Suppress in OPAC No
Holdings
Stav vyradenia Strata Poškodenie Spôsob nadobudnutia Domovská knižnica Aktuálna knižnica Dátum nadobudnutia Total checkouts Čiarový kód exemplára Date last seen Typ exemplára
      Dar Obecná knižnica Turčianska Štiavnička Obecná knižnica Turčianska Štiavnička 01.04.2026   4738000923 01.04.2026 Krásna literatúra pre deti
Projekt je podporený Slovenskou asociáciou knižníc
Prevádzkuje Turčianska knižnica Martin 2026